[Event "I Torneo de Promoción C.A.Mar "]
[Site "San Pedro del Pinatar (Murcia"]
[Date "2010.01.15"]
[Round "1.1"]
[White "Saez Moya, Jaime"]
[Black "Andres Zamorano, Cayo"]
[Result "1-0"]
[WhiteElo "2190"]
[BlackElo "1704"]
[PlyCount "87"]
[EventDate "2010.01.15"]
[SourceDate "2010.01.15"]

1. e4 e6 2. Qe2 Nc6 3. Nf3 Bc5 4. g3 Nge7 5. Bg2 Ng6 6. O-O O-O 7. d3 a6 8. Nc3
b5 9. Bg5 f6 10. Be3 Bxe3 11. Qxe3 Rb8 12. d4 d6 13. Nd2 e5 14. Nb3 exd4 15.
Nxd4 Nxd4 16. Qxd4 c5 17. Qd5+ Rf7 18. Rad1 Bb7 19. Qxd6 Qxd6 20. Rxd6 Ne5 21.
b3 c4 22. f4 Ng4 23. Bh3 Ne3 24. Re1 Nxc2 25. Re2 b4 26. Rxc2 cxb3 27. axb3
bxc3 28. Be6 Bxe4 29. Rxc3 Kf8 30. Bxf7 Kxf7 31. Rxa6 Rd8 32. Ra2 Rd1+ 33. Kf2
Rh1 34. Ke3 f5 35. Rb2 Ke6 36. b4 Rf1 37. Kd4 Rd1+ 38. Kc5 Rd5+ 39. Kc4 Rd8 40.
b5 Rc8+ 41. Kb4 Rb8 42. Rc7 Kf6 43. Rd2 Rb6 44. Kc5 1-0

[Event "I Torneo de Promoción C.A.Mar "]
[Site "San Pedro del Pinatar (Murcia"]
[Date "2010.01.15"]
[Round "1.2"]
[White "Duarte Garcia, Pilar"]
[Black "Munoz Navarro, Alberto"]
[Result "0-1"]
[WhiteElo "1683"]
[BlackElo "2181"]
[PlyCount "44"]
[EventDate "2010.01.15"]
[SourceDate "2010.01.15"]

1. d4 d5 2. c4 dxc4 3. e4 e5 4. Qa4+ Qd7 5. Qxd7+ Nxd7 6. d5 Nb6 7. a4 a5 8.
Be3 Bb4+ 9. Nc3 Bd7 10. Bxb6 cxb6 11. Nf3 Nf6 12. Nd2 Rc8 13. f3 O-O 14. Nxc4
Rxc4 15. Bxc4 Rc8 16. Bd3 Rxc3 17. bxc3 Bxc3+ 18. Kf2 Bd4+ 19. Kg3 Nh5+ 20. Kh4
Nf4 21. Ra2 Bf2+ 22. g3 h6 0-1

[Event "I Torneo de Promoción C.A.Mar "]
[Site "San Pedro del Pinatar (Murcia"]
[Date "2010.01.15"]
[Round "1.3"]
[White "Marin Guillen, Angel"]
[Black "Garcia Martinez, Marcos"]
[Result "1-0"]
[WhiteElo "2151"]
[BlackElo "1659"]
[PlyCount "91"]
[EventDate "2010.01.15"]
[SourceDate "2010.01.15"]

1. d4 e6 2. Nf3 d5 3. c4 c6 4. c5 Nf6 5. Nc3 Nbd7 6. Qa4 Qc7 7. Bg5 Be7 8. e3
b6 9. Bf4 Qb7 10. cxb6 axb6 11. Qc2 Nh5 12. Bg3 f5 13. Be2 Nxg3 14. hxg3 Nf8
15. Ne5 g6 16. Na4 Bd7 17. Rc1 Rc8 18. a3 Bd6 19. Nxd7 Nxd7 20. b4 Nf6 21. Bb5
Kd7 22. Bd3 Ne4 23. Bxe4 fxe4 24. Nc3 b5 25. Rh3 Qa6 26. Nb1 h5 27. f3 Rcf8 28.
fxe4 Rf7 29. e5 Rhf8 30. Nd2 Be7 31. Nf3 g5 32. Rxh5 g4 33. Nd2 c5 34. dxc5
Qxa3 35. Qc3 Qa2 36. Qd3 Qa4 37. Qd4 Qa2 38. Rh1 Ra8 39. e4 Qa3 40. Kd1 Qa4+
41. Ke2 Qa3 42. exd5 Qxg3 43. dxe6+ Kxe6 44. Rh6+ Kf5 45. Qe4+ Kg5 46. Qg6+ 1-0

[Event "I Torneo de Promoción C.A.Mar "]
[Site "San Pedro del Pinatar (Murcia"]
[Date "2010.01.15"]
[Round "1.4"]
[White "Gonzalez Guirao, Pedro Manuel"]
[Black "Murcia Paredes, Angel"]
[Result "0-1"]
[WhiteElo "1651"]
[BlackElo "2113"]
[PlyCount "50"]
[EventDate "2010.01.15"]
[SourceDate "2010.01.15"]

1. d4 Nf6 2. Nf3 g6 3. h3 Bg7 4. Bf4 d5 5. e3 O-O 6. Nbd2 c5 7. c3 Nc6 8. Be2
Qb6 9. Qb3 Qxb3 10. axb3 cxd4 11. exd4 h6 12. Bd3 Re8 13. O-O Bd7 14. Rfe1 e6
15. b4 Rec8 16. Nb3 Re8 17. Nbd2 g5 18. Be5 Nh5 19. Bh2 Nf4 20. Bxf4 gxf4 21.
Nb3 f6 22. Nc5 Bc8 23. Bb5 e5 24. Nh4 Re7 25. Nf5 Bxf5 0-1

[Event "I Torneo de Promoción C.A.Mar "]
[Site "San Pedro del Pinatar (Murcia"]
[Date "2010.01.15"]
[Round "1.5"]
[White "Villalonga Coll, Jaume"]
[Black "Portillo Alcalde, Jose Maria"]
[Result "1-0"]
[WhiteElo "2111"]
[BlackElo "1630"]
[PlyCount "67"]
[EventDate "2010.01.15"]
[SourceDate "2010.01.15"]

1. d4 Nf6 2. Bf4 d5 3. Nf3 e6 4. e3 c5 5. c4 Nc6 6. Nc3 Be7 7. Be2 dxc4 8. O-O
a6 9. dxc5 O-O 10. Qa4 Bxc5 11. Qxc4 Qe7 12. Na4 Ba7 13. Rfd1 Bd7 14. Bd6 Qd8
15. Bxf8 Qxf8 16. Qh4 Rc8 17. Rac1 b5 18. Nc3 Ne7 19. Ne4 Nfd5 20. Bd3 Ng6 21.
Rxc8 Qxc8 22. Qh5 Bb8 23. Nfg5 h6 24. Nf3 Qe8 25. g4 f5 26. gxf5 exf5 27. Nc5
Nf6 28. Qh3 Bc8 29. Bxf5 Bxf5 30. Qxf5 Ne7 31. Qe6+ Kh7 32. Ne4 Qg6+ 33. Ng3
Nf5 34. Qxf5 1-0

[Event "I Torneo de Promoción C.A.Mar "]
[Site "San Pedro del Pinatar (Murcia"]
[Date "2010.01.15"]
[Round "1.6"]
[White "Molina Molina, Carlos Javier"]
[Black "Hostalet Ferrer, Pedro Enrique"]
[Result "0-1"]
[WhiteElo "1630"]
[BlackElo "2111"]
[PlyCount "84"]
[EventDate "2010.01.15"]
[SourceDate "2010.01.15"]

1. e4 e5 2. Nf3 d6 3. Bc4 Nc6 4. c3 Bg4 5. d3 Qd7 6. Be3 Nf6 7. Nbd2 Be7 8. Qc2
O-O 9. h3 Be6 10. Bxe6 Qxe6 11. Ng5 Qd7 12. f4 exf4 13. Bxf4 d5 14. O-O-O Nh5
15. Be3 d4 16. cxd4 Bxg5 17. Bxg5 Nxd4 18. Qc4 b5 19. Qc5 Ne6 20. Qe3 f6 21. g4
fxg5 22. gxh5 Nf4 23. Nb3 a5 24. d4 a4 25. Nc5 Qe7 26. Kb1 Nxh5 27. Rdg1 Nf4
28. Rg4 h6 29. h4 Ne6 30. Nxe6 Qxe6 31. Rhg1 Rae8 32. hxg5 h5 33. Rh4 g6 34.
Qd3 c6 35. Rc1 Rf2 36. Rc5 Rg2 37. Rf4 Qe7 38. Rxc6 Rxg5 39. Rcf6 Rg1+ 40. Kc2
Rc8+ 41. Kd2 Qb4+ 42. Ke2 Qxb2+ 0-1

[Event "I Torneo de Promoción C.A.Mar "]
[Site "San Pedro del Pinatar (Murcia"]
[Date "2010.01.15"]
[Round "1.7"]
[White "Del Valle Domenech, Rafael"]
[Black "Aledo Yanguas, Javier"]
[Result "1-0"]
[WhiteElo "2110"]
[BlackElo "1627"]
[PlyCount "45"]
[EventDate "2010.01.15"]
[SourceDate "2010.01.15"]

1. d4 d5 2. c4 c6 3. Nf3 Nf6 4. e3 e6 5. Nc3 Nbd7 6. Qc2 Be7 7. g4 h6 8. Rg1 g5
9. Bd2 Qc7 10. O-O-O a5 11. Bd3 dxc4 12. Bxc4 b5 13. Bd3 Ba6 14. Nxb5 Bxb5 15.
Bxb5 Rc8 16. Ba4 c5 17. dxc5 Bxc5 18. Kb1 Qb7 19. Ne5 Bd4 20. Bc3 O-O 21. Nxd7
Nd5 22. Rxd4 Rfd8 23. Nf6+ 1-0

[Event "I Torneo de Promoción C.A.Mar "]
[Site "San Pedro del Pinatar (Murcia"]
[Date "2010.01.15"]
[Round "1.8"]
[White "Lopez Alegria, Ramon"]
[Black "Torres Grajales, Ramon"]
[Result "1-0"]
[WhiteElo "1614"]
[BlackElo "2083"]
[PlyCount "53"]
[EventDate "2010.01.15"]
[SourceDate "2010.01.15"]

1. e4 c5 2. Nf3 a6 3. g3 d6 4. Bg2 Nf6 5. d3 Nc6 6. O-O e6 7. Re1 Be7 8. Nbd2
Qc7 9. Nf1 Rb8 10. c3 O-O 11. h4 b5 12. N1h2 e5 13. Bg5 Ne8 14. Qd2 Bxg5 15.
Qxg5 Qe7 16. Qxe7 Nxe7 17. d4 Nc6 18. dxc5 dxc5 19. Rad1 Be6 20. Nf1 b4 21. Ng5
Rd8 22. Nxe6 Rxd1 23. Rxd1 fxe6 24. Bh3 Kf7 25. Rd7+ Kf6 26. Ne3 Rf7 27. Ng4+
1-0

[Event "I Torneo de Promoción C.A.Mar "]
[Site "San Pedro del Pinatar (Murcia"]
[Date "2010.01.15"]
[Round "1.9"]
[White "Martinez Lopez, David"]
[Black "Sogues Tena, Pilar"]
[Result "1-0"]
[WhiteElo "2057"]
[BlackElo "1538"]
[PlyCount "69"]
[EventDate "2010.01.15"]
[SourceDate "2010.01.15"]

1. e4 d6 2. d4 Nf6 3. Nc3 g6 4. Bg5 Bg7 5. Qd2 Nc6 6. Nf3 O-O 7. Be2 e5 8. dxe5
dxe5 9. Qxd8 Rxd8 10. Nd5 Nxd5 11. Bxd8 Nxd8 12. exd5 e4 13. Nd2 Bxb2 14. Rb1
Bc3 15. Rb3 Bxd2+ 16. Kxd2 a5 17. Re3 f5 18. f3 exf3 19. gxf3 Kf8 20. Bb5 Nf7
21. Re8+ Kg7 22. Re7 c6 23. dxc6 bxc6 24. Bc4 Ba6 25. Rxf7+ Kh6 26. Bxa6 Rxa6
27. f4 c5 28. Rd7 Rb6 29. a3 Re6 30. Re1 Rb6 31. Ke3 Rb2 32. Re2 Ra2 33. Kd2
Rxa3 34. Re3 Ra4 35. Rh3# 1-0

[Event "I Torneo de Promoción C.A.Mar "]
[Site "San Pedro del Pinatar (Murcia"]
[Date "2010.01.15"]
[Round "1.10"]
[White "Soto Aranda, Eduardo"]
[Black "Torres Samper, Rafael"]
[Result "0-1"]
[WhiteElo "1465"]
[BlackElo "2051"]
[PlyCount "62"]
[EventDate "2010.01.15"]
[SourceDate "2010.01.15"]

1. d4 Nf6 2. Nf3 g6 3. e3 Bg7 4. Be2 O-O 5. c4 d6 6. Nc3 Nbd7 7. O-O e5 8. dxe5
dxe5 9. Bd2 c6 10. Qc1 e4 11. Ne1 Qc7 12. f3 Nc5 13. fxe4 Ncxe4 14. Nxe4 Nxe4
15. Bf3 Nxd2 16. Qxd2 Qb6 17. Rb1 Bf5 18. Rd1 Rad8 19. Qe2 Rxd1 20. Qxd1 Qxe3+
21. Kh1 Bxb2 22. Nc2 Qc5 23. Qb1 Qxc4 24. Ne3 Bxb1 25. Nxc4 Bd3 26. Nd2 Bxf1
27. Nxf1 Re8 28. Kg1 Bd4+ 29. Kh1 Re1 30. h3 Rxf1+ 31. Kh2 Be5+ 0-1

[Event "I Torneo de Promoción C.A.Mar "]
[Site "San Pedro del Pinatar (Murcia"]
[Date "2010.01.15"]
[Round "2.1"]
[White "Pla Andreu, Abraham"]
[Black "Saez Moya, Jaime"]
[Result "0-1"]
[WhiteElo "1941"]
[BlackElo "2190"]
[PlyCount "92"]
[EventDate "2010.01.15"]
[SourceDate "2010.01.15"]

1. d4 f5 2. Nf3 Nf6 3. Nbd2 e6 4. e3 d5 5. Bd3 c6 6. O-O Bd6 7. Ne5 O-O 8. f4
Bd7 9. Ndf3 Be8 10. Bd2 Bh5 11. c3 c5 12. Qc1 Bxf3 13. Rxf3 c4 14. Bc2 Nbd7 15.
Be1 Bxe5 16. fxe5 Ne4 17. Bxe4 dxe4 18. Rf1 Nb6 19. Bd2 Nd5 20. Qe1 Rf7 21. Qe2
Qc7 22. Rac1 a5 23. b3 Rc8 24. Rc2 Qc6 25. g3 Rfc7 26. Rfc1 Qb6 27. Rb2 Qa7 28.
Rcb1 cxb3 29. Rxb3 b6 30. Qb5 Rc4 31. a4 Kf7 32. Ra3 Qe7 33. Rbb3 R8c7 34. Ra1
Qg5 35. Re1 h5 36. Ra3 h4 37. Kg2 Qg4 38. Rf1 Qe2+ 39. Rf2 h3+ 40. Kg1 Qd1+ 41.
Rf1 Qxd2 42. Rxf5+ Ke7 43. Rf2 Qc1+ 44. Rf1 Qxa3 45. Qb1 Qxc3 46. Qxe4 Qxe3+
0-1

[Event "I Torneo de Promoción C.A.Mar "]
[Site "San Pedro del Pinatar (Murcia"]
[Date "2010.01.15"]
[Round "2.2"]
[White "Munoz Navarro, Alberto"]
[Black "Rodriguez Rico, Juan Jose"]
[Result "1-0"]
[WhiteElo "2181"]
[BlackElo "1883"]
[PlyCount "99"]
[EventDate "2010.01.15"]
[SourceDate "2010.01.15"]

1. e4 d5 2. exd5 Nf6 3. Bb5+ Bd7 4. Be2 Nxd5 5. d4 e6 6. Nf3 c5 7. c4 Nf6 8.
O-O cxd4 9. Nxd4 Nc6 10. Nc3 Nxd4 11. Qxd4 Bc6 12. Qxd8+ Rxd8 13. Be3 a6 14. a3
Be7 15. Rfd1 O-O 16. b4 Rxd1+ 17. Rxd1 Rd8 18. Rxd8+ Bxd8 19. a4 Ne4 20. Nxe4
Bxe4 21. b5 axb5 22. axb5 Bc7 23. Ba7 b6 24. c5 bxc5 25. b6 Bd6 26. Bf3 Bxf3
27. gxf3 c4 28. b7 c3 29. b8=Q+ Bxb8 30. Bxb8 g5 31. Be5 c2 32. Bb2 f5 33. Kf1
Kf7 34. Ke2 e5 35. Kd2 Ke6 36. Kxc2 h5 37. Kd3 Kd5 38. Bc1 g4 39. f4 e4+ 40.
Kc3 Kc5 41. Be3+ Kd5 42. Kb4 Kc6 43. Kc4 Kd6 44. Kd4 Ke6 45. Kc5 h4 46. Kc6 Ke7
47. Kd5 Kf6 48. Kd6 Kf7 49. Ke5 Kg6 50. Ke6 1-0

[Event "I Torneo de Promoción C.A.Mar "]
[Site "San Pedro del Pinatar (Murcia"]
[Date "2010.01.15"]
[Round "2.3"]
[White "Fernandez Garcia, Francisco"]
[Black "Marin Guillen, Angel"]
[Result "0-1"]
[WhiteElo "1934"]
[BlackElo "2151"]
[PlyCount "94"]
[EventDate "2010.01.15"]
[SourceDate "2010.01.15"]

1. e4 Nc6 2. Nc3 Nf6 3. Bb5 e5 4. Nf3 Bc5 5. O-O O-O 6. Bxc6 dxc6 7. h3 Re8 8.
d3 h6 9. Qe2 Qe7 10. Be3 Bd7 11. Kh1 Bxe3 12. Qxe3 Nh5 13. Ne2 Qf6 14. Nh2 g5
15. Qf3 Qxf3 16. Nxf3 c5 17. b3 Rad8 18. a4 Ng7 19. Nc3 c6 20. Kh2 f6 21. Nd2
Bc8 22. a5 Ne6 23. Ne2 Re7 24. Nc4 Nc7 25. Nc3 Na6 26. Na2 Kf7 27. Ne3 Kg6 28.
g4 Rh7 29. Kg3 h5 30. Nf5 hxg4 31. hxg4 Rdh8 32. Kf3 Rh3+ 33. Ke2 Bxf5 34.
gxf5+ Kf7 35. Rg1 Rh2 36. Rg3 R8h4 37. Rf1 Ke7 38. Rgg1 Nc7 39. Nc3 Ne8 40. Na4
Kd6 41. Rg3 Ng7 42. Nb2 Nh5 43. Nc4+ Kc7 44. Rf3 g4 45. Re3 g3 46. Ke1 g2 47.
Nd2 Rh1 0-1

[Event "I Torneo de Promoción C.A.Mar "]
[Site "San Pedro del Pinatar (Murcia"]
[Date "2010.01.15"]
[Round "2.4"]
[White "Murcia Paredes, Angel"]
[Black "Donado-Mazarron Gomez, Miguel"]
[Result "1/2-1/2"]
[WhiteElo "2113"]
[BlackElo "1876"]
[PlyCount "80"]
[EventDate "2010.01.15"]
[SourceDate "2010.01.15"]

1. e4 c5 2. Nf3 d6 3. d4 cxd4 4. Nxd4 Nf6 5. Nc3 a6 6. Be2 e5 7. Nf3 Be7 8. O-O
O-O 9. Bg5 Be6 10. Re1 Nbd7 11. Bf1 b5 12. a3 Rc8 13. Qd2 Qc7 14. Rad1 Rfd8 15.
h3 Nb6 16. Qe3 Nc4 17. Bxc4 Qxc4 18. Rd2 a5 19. Bxf6 Bxf6 20. Nd5 Bxd5 21. Rxd5
Qxc2 22. Rxb5 a4 23. g4 g6 24. h4 Qc6 25. Rd5 Rb8 26. Re2 Rb3 27. Rd3 Rdb8 28.
Red2 Be7 29. Rxb3 Rxb3 30. Qe2 f5 31. gxf5 gxf5 32. Ng5 Bxg5 33. hxg5 Qxe4 34.
Qxe4 fxe4 35. Rxd6 e3 36. fxe3 Rxe3 37. Ra6 Re4 38. Kf2 Kf7 39. Kf3 Rd4 40.
Rf6+ Ke7 1/2-1/2

[Event "I Torneo de Promoción C.A.Mar "]
[Site "San Pedro del Pinatar (Murcia"]
[Date "2010.01.15"]
[Round "2.5"]
[White "Mateos Martinez, Francisco Ramo"]
[Black "Villalonga Coll, Jaume"]
[Result "1-0"]
[WhiteElo "1918"]
[BlackElo "2111"]
[PlyCount "67"]
[EventDate "2010.01.15"]
[SourceDate "2010.01.15"]

1. e4 Nf6 2. e5 Nd5 3. d4 d6 4. Nf3 dxe5 5. Nxe5 c6 6. Bd3 Nd7 7. c3 Nxe5 8.
dxe5 g6 9. O-O Bg7 10. f4 Qb6+ 11. Kh1 Bf5 12. Bxf5 gxf5 13. e6 O-O-O 14. Qe2
fxe6 15. Qxe6+ Kb8 16. Na3 Qa6 17. Re1 Nxc3 18. Qxe7 Ne4 19. Qxg7 Rhg8 20. Qe5+
Ka8 21. Be3 Qd3 22. g3 Rge8 23. Qa5 c5 24. Rad1 Nf2+ 25. Bxf2 Qf3+ 26. Kg1 Rxd1
27. Nb5 Rdxe1+ 28. Bxe1 a6 29. Nc7+ Kb8 30. Nxe8 Qe3+ 31. Bf2 Qxe8 32. Qxc5 Qh5
33. Qd6+ Kc8 34. Bb6 1-0

[Event "I Torneo de Promoción C.A.Mar "]
[Site "San Pedro del Pinatar (Murcia"]
[Date "2010.01.15"]
[Round "2.6"]
[White "Hostalet Ferrer, Pedro Enrique"]
[Black "Munoz Nortes, Jose Antonio"]
[Result "1-0"]
[WhiteElo "2111"]
[BlackElo "1856"]
[PlyCount "33"]
[EventDate "2010.01.15"]
[SourceDate "2010.01.15"]

1. d4 d5 2. c4 Nc6 3. Nc3 Nf6 4. Nf3 Bg4 5. cxd5 Nxd5 6. e4 Bxf3 7. gxf3 Nxc3
8. bxc3 e6 9. Rb1 Rb8 10. Qa4 Ke7 11. Rg1 g6 12. e5 h6 13. Bd3 Qd5 14. Be4 Qa5
15. Bxc6 Qxc3+ 16. Bd2 Qd3 17. Be4 1-0

[Event "I Torneo de Promoción C.A.Mar "]
[Site "San Pedro del Pinatar (Murcia"]
[Date "2010.01.15"]
[Round "2.7"]
[White "Yafimchyk, Pavel"]
[Black "Del Valle Domenech, Rafael"]
[Result "0-1"]
[WhiteElo "1880"]
[BlackElo "2110"]
[PlyCount "38"]
[EventDate "2010.01.15"]
[SourceDate "2010.01.15"]

1. e4 Nf6 2. e5 Nd5 3. c4 Nb6 4. d4 d6 5. f4 g6 6. Be3 Bg7 7. Be2 dxe5 8. dxe5
Qxd1+ 9. Kxd1 Be6 10. Bxb6 axb6 11. Nc3 Nc6 12. Nb5 O-O-O+ 13. Ke1 Nd4 14. Na3
g5 15. fxg5 Bxe5 16. Bd1 Rhg8 17. Nc2 Nxc2+ 18. Bxc2 Bxb2 19. Rb1 Bc3+ 0-1

[Event "I Torneo de Promoción C.A.Mar "]
[Site "San Pedro del Pinatar (Murcia"]
[Date "2010.01.15"]
[Round "2.8"]
[White "Sanchez Mas, Carlos"]
[Black "Martinez Lopez, David"]
[Result "0-1"]
[WhiteElo "1862"]
[BlackElo "2057"]
[PlyCount "58"]
[EventDate "2010.01.15"]
[SourceDate "2010.01.15"]

1. e4 e6 2. d4 d5 3. exd5 exd5 4. Nf3 Bd6 5. c4 c6 6. cxd5 cxd5 7. Nc3 Nf6 8.
Bg5 Be6 9. Qb3 Nbd7 10. Qxb7 O-O 11. Qb3 Rb8 12. Qc2 Qb6 13. Na4 Qa5+ 14. Bd2
Bb4 15. Nc3 Ne4 16. Bd3 Bg4 17. Bxe4 dxe4 18. Ng5 Bf5 19. Be3 h6 20. Nh3 Bxh3
21. gxh3 Rfc8 22. Rc1 Nf6 23. a3 Bxc3+ 24. bxc3 Qxa3 25. c4 Nd5 26. Ke2 Rb2 27.
Rhd1 Nxe3 28. fxe3 Rxc4 29. Rd2 Qd3+ 0-1

[Event "I Torneo de Promoción C.A.Mar "]
[Site "San Pedro del Pinatar (Murcia"]
[Date "2010.01.15"]
[Round "2.10"]
[White "Olmos Rosa, Fernando"]
[Black "Blaya Serrano, Juan Francisco"]
[Result "0-1"]
[WhiteElo "1834"]
[BlackElo "2046"]
[PlyCount "100"]
[EventDate "2010.01.15"]
[SourceDate "2010.01.15"]

1. e4 c5 2. g3 d6 3. Bg2 e6 4. f4 Nc6 5. Nf3 g6 6. Nc3 Bg7 7. d3 Nge7 8. Bd2
Rb8 9. O-O b5 10. Qc1 b4 11. Ne2 a5 12. Rb1 Ba6 13. b3 O-O 14. g4 f5 15. Ng5
Bc8 16. gxf5 exf5 17. exf5 gxf5 18. Ng3 h6 19. Nf3 Qe8 20. Nh4 Bf6 21. Nf3 Kh7
22. c3 Qf7 23. Qc2 bxc3 24. Bxc3 Nb4 25. Qd2 Ba6 26. Rfd1 Bxc3 27. Qxc3 Ned5
28. Qd2 Bxd3 29. Rb2 Bc2 30. Re1 Qf6 31. Rxc2 Nxc2 32. Qxc2 Nxf4 33. Qd2 Nxg2
34. Kxg2 a4 35. Qd5 axb3 36. Re6 Qg7 37. Kf2 b2 38. Nxf5 b1=Q 39. Nxg7 Qb2+ 40.
Ke3 Qxg7 41. Qe4+ Kh8 42. Kd3 Qh7 43. Rg6 Rxf3+ 44. Qxf3 Qxg6+ 45. Kc4 Qe6+ 46.
Kd3 d5 47. Qg3 Re8 48. Qf2 c4+ 49. Kd2 Qe5 50. Qh4 Qg5+ 0-1

[Event "I Torneo de Promoción C.A.Mar "]
[Site "San Pedro del Pinatar (Murcia"]
[Date "2010.01.16"]
[Round "3.1"]
[White "Saez Moya, Jaime"]
[Black "Garcia Roman, Jose Luis Machado"]
[Result "1-0"]
[WhiteElo "2190"]
[BlackElo "2003"]
[PlyCount "157"]
[EventDate "2010.01.15"]
[SourceDate "2010.01.15"]

1. e4 e5 2. Nf3 Nc6 3. Bb5 a6 4. Ba4 Nf6 5. d3 b5 6. Bb3 Be7 7. O-O O-O 8. Re1
d6 9. c3 Na5 10. Bc2 c5 11. Nbd2 Re8 12. Nf1 Bf8 13. Bg5 h6 14. Bh4 g5 15. Bg3
Bg7 16. Ne3 Be6 17. d4 exd4 18. cxd4 Nc4 19. Nxc4 Bxc4 20. b3 Be6 21. e5 Nh5
22. dxc5 dxc5 23. Qe2 Nxg3 24. hxg3 Qc7 25. Qe4 Rad8 26. Rad1 Rxd1 27. Rxd1 Rd8
28. Rxd8+ Qxd8 29. Ne1 Qd5 30. f4 Qxe4 31. Bxe4 c4 32. Bc2 Bf8 33. Kf2 Bc5+ 34.
Ke2 g4 35. Kf1 Bd5 36. Bd1 h5 37. Bc2 Bd4 38. Ke2 Kf8 39. Kf1 Ke7 40. Ke2 a5
41. Bd1 Bc3 42. Kf1 Bxe1 43. Kxe1 Bxg2 44. bxc4 bxc4 45. Kd2 Bf3 46. Ba4 Ke6
47. Ke3 Bd5 48. a3 Bb7 49. Kd4 h4 50. gxh4 g3 51. Ke3 g2 52. Kf2 Kf5 53. h5
Kxf4 54. h6 Be4 55. Bc6 c3 56. Bxe4 Kxe4 57. h7 c2 58. h8=Q g1=Q+ 59. Kxg1
c1=Q+ 60. Kg2 Qg5+ 61. Kf2 Qxe5 62. Qh1+ Kf5 63. Qh3+ Kf6 64. Qh8+ Kf5 65. Qc8+
Kg6 66. Qg8+ Qg7 67. Qa8 Qb2+ 68. Kf1 Qxa3 69. Qe4+ f5 70. Qe6+ Kg5 71. Qg8+
Kf4 72. Qb8+ Ke4 73. Qb7+ Ke3 74. Qb6+ Kf4 75. Qb8+ Kf3 76. Qb7+ Kg3 77. Qg7+
Kf4 78. Qc7+ Ke4 79. Qb7+ {Tiempo} 1-0

[Event "I Torneo de Promoción C.A.Mar "]
[Site "San Pedro del Pinatar (Murcia"]
[Date "2010.01.16"]
[Round "3.2"]
[White "Aledo Lopez, Angel"]
[Black "Munoz Navarro, Alberto"]
[Result "1-0"]
[WhiteElo "2004"]
[BlackElo "2181"]
[PlyCount "63"]
[EventDate "2010.01.15"]
[SourceDate "2010.01.15"]

1. e4 d6 2. d4 Nf6 3. Nc3 g6 4. f3 c6 5. Be3 Nbd7 6. Qd2 b5 7. Bh6 Bxh6 8. Qxh6
Qa5 9. Qd2 a6 10. Nge2 c5 11. d5 Bb7 12. h4 Ne5 13. Nf4 O-O-O 14. a3 h6 15.
O-O-O g5 16. hxg5 hxg5 17. Rxh8 Rxh8 18. Nh3 b4 19. Nb1 g4 20. Ng5 Rg8 21. f4
Ned7 22. Bd3 Qb6 23. Rh1 e6 24. dxe6 fxe6 25. axb4 Qxb4 26. c3 Qa4 27. Bc2 Qc6
28. Rh6 Re8 29. c4 Re7 30. Nc3 Kc7 31. Ba4 Qb6 32. Bxd7 1-0

[Event "I Torneo de Promoción C.A.Mar "]
[Site "San Pedro del Pinatar (Murcia"]
[Date "2010.01.16"]
[Round "3.3"]
[White "Marin Guillen, Angel"]
[Black "Ojaos Penalver, Abel"]
[Result "1/2-1/2"]
[WhiteElo "2151"]
[BlackElo "1988"]
[PlyCount "80"]
[EventDate "2010.01.15"]
[SourceDate "2010.01.15"]

1. Nf3 Nf6 2. g3 d5 3. Bg2 Bg4 4. Ne5 Bf5 5. O-O e6 6. c4 c6 7. d4 Nbd7 8. Nxd7
Qxd7 9. c5 Be7 10. Nc3 Ne4 11. Nxe4 Bxe4 12. f3 Bg6 13. Bf4 O-O 14. Qd2 b6 15.
b4 Qb7 16. a3 a5 17. Qc3 Qa6 18. Rfc1 b5 19. Bc7 a4 20. Qe3 Rfe8 21. h4 Qb7 22.
Bf4 Bf6 23. Bh3 Rad8 24. Rd1 Bc2 25. Rd2 Bb3 26. Be5 Be7 27. Qf2 Bf8 28. g4 f6
29. Bg3 e5 30. e3 Bc4 31. Kh2 Qe7 32. Re1 exd4 33. exd4 Qxe1 34. Qxe1 Rxe1 35.
Bxe1 Re8 36. Bf2 g6 37. g5 f5 38. Kg1 Re2 39. Rxe2 Bxe2 40. f4 Bg7 1/2-1/2

[Event "I Torneo de Promoción C.A.Mar "]
[Site "San Pedro del Pinatar (Murcia"]
[Date "2010.01.16"]
[Round "3.4"]
[White "Escudero Manzano, Alejandro"]
[Black "Hostalet Ferrer, Pedro Enrique"]
[Result "1-0"]
[WhiteElo "2000"]
[BlackElo "2111"]
[PlyCount "149"]
[EventDate "2010.01.15"]
[SourceDate "2010.01.15"]

1. e4 c6 2. d4 d5 3. exd5 cxd5 4. Bd3 Nc6 5. Ne2 Bg4 6. f3 Bd7 7. O-O e6 8. c3
Bd6 9. Bf4 Qc7 10. Bxd6 Qxd6 11. Nd2 Rc8 12. f4 Nf6 13. Nf3 a6 14. a4 Na5 15.
Ne5 Nc4 16. Bxc4 dxc4 17. Ng3 g6 18. Qe2 O-O 19. Nxc4 Qc7 20. Ne5 b5 21. Nxd7
Qxd7 22. axb5 axb5 23. Qe5 Nd5 24. Ne4 b4 25. Ra5 f6 26. Rxd5 exd5 27. Nxf6+
Rxf6 28. Qxf6 bxc3 29. bxc3 Rxc3 30. f5 Rc6 31. Qe5 Rb6 32. fxg6 hxg6 33. h3
Re6 34. Qb8+ Re8 35. Qf4 Qe6 36. Kh2 Kg7 37. Rf3 Rd8 38. Re3 Qd6 39. Qxd6 Rxd6
40. Re5 Kf6 41. Kg3 Rd8 42. Kf4 Rd7 43. g4 Rd8 44. h4 Rh8 45. Rxd5 Rxh4 46.
Rd6+ Kf7 47. Kg5 Rh8 48. Rxg6 Rd8 49. Rf6+ Kg7 50. Rf4 Rd5+ 51. Kh4 Ra5 52. Rf5
Ra4 53. Rd5 Kf6 54. Kh5 Ke6 55. Re5+ Kf6 56. Rf5+ Kg7 57. d5 Rb4 58. Kg5 Rd4
59. Re5 Kf7 60. Kf5 Rd1 61. Ke4 Kf6 62. Rf5+ Kg6 63. Ke5 Rg1 64. Rf4 Kg5 65.
Re4 Ra1 66. d6 Rd1 67. Ke6 Rd3 68. d7 Rd1 69. Re5+ Kxg4 70. Rd5 Rxd5 71. Kxd5
Kh5 72. Ke6 Kh6 73. d8=Q Kh7 74. Kf6 Kh6 75. Qh8# 1-0

[Event "I Torneo de Promoción C.A.Mar "]
[Site "San Pedro del Pinatar (Murcia"]
[Date "2010.01.16"]
[Round "3.5"]
[White "Martinez Lopez, David"]
[Black "Cartagena Sanchez, Javier"]
[Result "1/2-1/2"]
[WhiteElo "2057"]
[BlackElo "1951"]
[PlyCount "83"]
[EventDate "2010.01.15"]
[SourceDate "2010.01.15"]

1. e4 e5 2. Nf3 Nc6 3. Bc4 Nf6 4. d3 Be7 5. O-O d6 6. c3 O-O 7. Re1 Na5 8. Bb3
Nxb3 9. axb3 a6 10. Nbd2 Re8 11. Nf1 c6 12. c4 Nd7 13. Ng3 Nc5 14. Be3 Ne6 15.
d4 exd4 16. Nxd4 g6 17. f4 Ng7 18. Qc2 Bg4 19. h3 Bd7 20. Rad1 Qc7 21. Nf3 Rad8
22. Qf2 c5 23. f5 gxf5 24. Bh6 fxe4 25. Bxg7 Kxg7 26. Rxe4 f5 27. Rf4 Kh8 28.
Nxf5 d5 29. N3h4 Bg5 30. Rg4 Rg8 31. Rxd5 Bxf5 32. Nxf5 Rxd5 33. cxd5 Qe5 34.
h4 Bf6 35. Rxg8+ Kxg8 36. Qf3 h6 37. d6 Kf7 38. Nxh6+ Ke6 39. Qg4+ Kd5 40. d7
Qe1+ 41. Kh2 Be5+ 42. g3 1/2-1/2

[Event "I Torneo de Promoción C.A.Mar "]
[Site "San Pedro del Pinatar (Murcia"]
[Date "2010.01.16"]
[Round "3.6"]
[White "Navarro Martinez, Daniel"]
[Black "Torres Samper, Rafael"]
[Result "0-1"]
[WhiteElo "1972"]
[BlackElo "2051"]
[PlyCount "56"]
[EventDate "2010.01.15"]
[SourceDate "2010.01.15"]

1. e4 c5 2. Nf3 d6 3. d4 cxd4 4. Nxd4 Nf6 5. Nc3 a6 6. Bg5 e6 7. f4 Nc6 8. Qd2
h6 9. Bxf6 Qxf6 10. O-O-O Nxd4 11. Qxd4 Qxf4+ 12. Kb1 Qe5 13. Qb4 Be7 14. Bd3
O-O 15. g4 b5 16. h4 Bd7 17. Ne2 a5 18. Qd2 b4 19. Rdg1 g5 20. Ng3 Bf6 21. Qc1
a4 22. Nh5 Bh8 23. hxg5 hxg5 24. Rg2 a3 25. Rf2 axb2 26. Qf1 Rxa2 27. Kxa2 Ra8+
28. Kb3 Qc3# 0-1